Statistics for Europæiske Hovedstader Quiz

Click here to take the quiz!

General Stats

  • This quiz has been taken 201 times
  • The average score is 26 of 45

Answer Stats

LandBy% Correct
DanmarkKøbenhavn
98%
TysklandBerlin
95%
FrankrigParis
95%
NorgeOslo
93%
ItalienRom
93%
SverigeStockholm
93%
StorbritannienLondon
89%
SpanienMadrid
88%
HollandAmsterdam
84%
GrækenlandAthen
83%
ØstrigWien
80%
RuslandMoskva
75%
IrlandDublin
74%
TjekkietPrag
71%
FinlandHelsinki
70%
PortugalLissabon
70%
LuxembourgLuxembourg
70%
IslandReykjavík
70%
BelgiumBruxelles
68%
UkraineKiev
64%
BulgarienSofia
62%
MonacoMonaco
61%
UngarnBudapest
54%
SchweizBern
53%
VatikanstatenVatikanet
53%
KroatienZagreb
49%
HvideruslandMinsk
48%
San MarinoSan Marino
48%
LetlamdRiga
45%
AndorraAndorra la Vella
44%
PolenWarszawa
40%
RumænienBukarest
39%
Bosnien og HerzegovinaSarajevo
38%
EstlandTallinn
37%
AlbanienTirana
35%
SerbienBeograd
33%
MaltaValletta
28%
LitauenVilnius
27%
SlovakietBratislava
25%
SlovenienLjubljana
20%
KosovoPristina
20%
LiechtensteinVaduz
20%
Nord MakedonienSkopje
18%
MontenegroPodgorica
15%
MoldovaChișinău
14%

Score Distribution

Percentile by Number Answered

Percent of People with Each Score

Your Score History

You have not taken this quiz